Quizzes
Events
Quiz Creation
Community
Videos
Private Events
Remove Ads
Sign In
Join for FREE
Feedback
Dark Mode
Quiz Categories
Sports
Geography
Music
Movies
Television
Just For Fun
Miscellaneous
History
Literature
Language
Science
Gaming
Entertainment
Religion
Holiday
For Kids
Quiz Lab
Recent
Popular Today
Quiz Kudos Today
Editor Picks
Curator Picks
Quizzes by...
Day
Popularity
Type
Ratings
Length
Year
Community
Subscriptions
Recent Discussions
Orange Saloon
Badges
Playlists
Quests
Create
Leaderboards
Showdown
Live 5
Trivia Bingo
Activity
Puzzle Library
Sporcle Events
Private Events
Virtual Trivia
Globe League
Become a Host
Pub Owners
SporcleCon
Opinionation
Our Games
Videos
Blog
Mobile Apps
Partnerships
Remove Ads and Go Orange
Feedback
Religion
Mythology
Religious Music
World Religions
Bible
Christianity
Catholicism
Judaism
Church
Scripture
Islam
Verse
Religion
Mythology
Religious Music
World Religions
Bible
Christianity
Catholicism
Judaism
Church
Scripture
Islam
Verse
Random Quiz
Search Sporcle
×
Quiz Lab
Quiz Lab
Religion
Virginia
Type in answers that appear in a list
Type in answers that appear in a list
Classic
Best Score? Go Orange.
Witchcraft in virginia Stats
Can you name the witchcraft in virginia ?
By
rasnicole3
3m
10 Questions
15 Plays
15 Plays
15 Plays
Comments
Comments
Give Quiz Kudos
Give Quiz Kudos
-
- Ratings
hide this ad
Replay
Link that replays current quiz
Next Quiz
Link to next quiz in quiz playlist
You Got
0%
They Got
Avg Score
24%
Avg Friend Score
Upgrade to see
Score Distribution
Jump to the score distribution portion of the page
Score
0/10
Timer
03:00
0
Plays Today
witchcraft
% Correct
What is a witches religious symbol?
a pentagram
73.3%
How many witches were hanged on Gallow Hil in Salem Town?
19
60%
How many people were convicted in Virginia?
zero
26.7%
Who was the most remebered witch in Virginia?
Grace Sherwood
20%
What is 3 fold law?
karma
20%
Who was forced to death as he refused to plead guilty to charges of practicing?
Giles Corey
20%
What hotel was haunted in Virginia beach in 1989?
The Cavalier
13.3%
How many men and women filled the prisons in Salem and surronding towns?
100, 150, 200
6.7%
Thos accused of medievial witchcraft were generally?
poor, old, unprotected
0%
What part of virginia was Grace Sherwood convicted?
Pungo
0%
Quiz Playlist
Details
Report
Send in Message
Add To Playlist
Classic:
Type in answers that appear in a list
Last Updated: Feb 16, 2017
Quiz Scoreboard
CHALLENGE
Sign Up to Join the Scoreboard
Show All
Scores
Hide
Comments
May contain spoilers
Recently Published
An Introduction to Baseball
by treessimontrees
Sports
5m
Movies - When Are They Set?
by FPL_Elf
Movies
5m
Popular People in 1961
by mucciniale
History
6m
More to Explore
Quiz From the Vault
Featured Blog Post
Where Did the Easter Bunny Come From?
hide this ad
You Might Also Like...
Tags
Virginia
Today's Top Quizzes in Religion
Browse Religion
hide this ad
Today's Top Quizzes in Virginia
Browse Virginia
Top Contributed Quizzes in Religion
1
5-to-1: Children of Gods
2
5-to-1: European Churches
3
10 to 1: Islam
4
Order Up: Seven Last Words of Christ
5
One Thing in Common: Mythology
6
Religion Who Wants To Be A Millionaire
7
10 to 1: Protestantism
8
10 to 1: Norse Religion
9
One Thing in Common: Mythology II
10
Prime Time: Religion
Explore More
Trending Topics
Kpop
Crossword
NBA
Marvel
Harry Potter
Disney
Anime
Song
Puzzle
Country
NFL
WWE
Pokémon
The Office
Soccer
hide this ad
More By:
rasnicole3
Quiz
Plays
Rating
Category
Featured
Created
witchcraft in virginia
15
1.00
Religion
Feb 18, 2011
Go to Creator's Profile
Score Distribution
Quiz Creator Spotlight
rasnicole3
Follow
Send a Message
Quizzes Created
-
Created Quiz Play Count
-
More By This Creator
Popular Quizzes Today
1
Find the Countries of Europe - No Outlines Minefield
2
Find the US States - No Outlines Minefield
3
The Countries of the World
4
Popular People in 1961
5
US States
6
Find the US States
7
1-10 Letter E Words III
8
Risky Map Clicking: Biggest States A-Z
More Religion Quizzes
Do you know Genesis 6
Quiz Lab
Trending Quizzes
Risky Map Clicking: Least Populous States A-Z
1-10 Letter F Words
1-10 Letter G Words
One Thing in Common: United Kingdom
Not Quite an Element Typing Challenge
Recently Updated
Leaping Animals
pecheneg
Reality TV Shows (A-Z)
bhenderson79
Rickey Henderson's Hall of Fame Teammates
pecheneg
Champions League XIs: Arsenal
pecheneg
Quick Pick: Celebrities in WWE's Hall of Fame
aduchscher
A-Z Keypad Blitz II
pecheneg
Multiple Oscar Actors
pecheneg
Mystery Phrase Blitz: Oscar 'Best Actors'
pecheneg
F. Scott Fitzgerald Novels
LTH
Pick 3 Villains
ddd62291
Trending Topics
Crossword
Anime
Marvel
Disney
Kpop
Harry Potter
NBA
Puzzle
NFL
WWE
The Office
Country
Song
Soccer
Pokémon
Your Account Isn't Verified!
In order to create a playlist on Sporcle, you need to verify the email address you used during registration. Go to your
Sporcle Settings
to finish the process.
Report this User
Report this user for behavior that violates our
Community Guidelines
.
Details:
Send Report
Go to the Sporcle.com Mobile Site →
Comments